000 00683cam a22002413a 4500
001 32949
003 PGUSA
005 20140828083719.0
008 100623s2010||||xxu|||||s|||||000 | eng d
040 _aPGUSA
_beng
042 _adc
050 4 _aS
100 1 _aCrow, Martha Foote,
_d1854-1924
245 1 4 _aThe American Country Girl
_h[electronic resource] /
_cMartha Foote Crow
260 _bProject Gutenberg,
_c2010
506 _aPublic domain in the USA.
516 _aElectronic text
653 _aGirls -- United States
653 _aFarm life -- United States
830 0 _aProject Gutenberg
_v32949
856 4 0 _uhttp://www.gutenberg.org/ebooks/32949
942 _cEB
999 _c262204
_d262204